Anthony Hopkins - Roles by Picture - Statistics

General Stats
  • This quiz has been taken 19 times
  • The average score is 24 of 104
Answer Stats
Picture Answer % Correct
Dr. Hannibal Lecter
100%
Odin
67%
Adolf Hitler
47%
Alfred Hitchcock
47%
Don Diego de la Vega / Zorro
40%
John Quincy Adams
40%
Pablo Picasso
40%
Pope Benedict XVI / Cardinal Joseph Aloisius Ratzinger
40%
Quasimodo
40%
Lt. William Bligh
33%
Prof. Abraham Van Helsing
33%
Anthony
27%
Charles Morse
27%
Col. William Ludlow
27%
Dr. Frederick Treves
27%
Freddy Heineken
27%
Old Ptolemy
27%
Richard Nixon
27%
William Parrish
27%
Aaron Rabinowitz
20%
Abel Magwitch
20%
Adam Evans
20%
Adam Gund
20%
Adam Kelno
20%
Alfie Shepridge
20%
Arthur Denning
20%
Arthur Jamison
20%
Bill Hooper
20%
Bob Glass
20%
Bruno Richard Hauptmann
20%
Burt Munro
20%
Capt. Johnson
20%
Cassius / Angus Barrie
20%
CIA Agent Oakes
20%
Claudius
20%
Coleman Silk
20%
Corky Withers / Fats
20%
C.S. 'Jack' Lewis
20%
Ct. Galeazzo Ciano
20%
Dafydd Ap Llewellyn
20%
Donald Campbell
20%
Dr. Edward Bailey
20%
Dr. Harding
20%
Dr. John Clancy
20%
Dr. John Harvey Kellogg
20%
Dr. Michael Grant
20%
Dr. Philip Lewis
20%
Elliot Hoover
20%
Errol Wallace
20%
Ethan Powell
20%
Father Lucas Trevant
20%
Father Steve
20%
Felix Bonhoeffer
20%
Finley Hart
20%
Frank P. Doel
20%
George Hayden
20%
Greg Halliday
20%
Hagen Kahl
20%
Henry Wilcox
20%
Ian McCandless
20%
Ieuan Davies
20%
Jack
20%
Jean Louis Chavel
20%
John
20%
John Avery
20%
John Casey
20%
Judge Irwin
20%
King Hrothgar
20%
King Lear
20%
Kostya
20%
Lester
20%
Lloyd George
20%
Lt. Col. John Frost
20%
Methusaleh
20%
Mission Commander Swanbeck
20%
Mr. James Stevens
20%
Neil Gray
20%
Othello
20%
Paul of Tarsus
20%
Pierre Bezukhov
20%
PM Yitzhak Rabin
20%
Ravic
20%
Richard the Lionheart
20%
Robert Llewellyn
20%
Siegfried Farnon
20%
Sir
20%
Sir Edmund Burton
20%
Sir John Talbot
20%
Supt. John McCleod
20%
Ted Brautigan
20%
The Mentor
20%
Theodore 'Ted' Crawford
20%
The Priest
20%
Thomas
20%
Tim Cornell
20%
Titus Andronicus
20%
Torvald Helmer
20%
Alfred Allmers
13%
Capt. Christopher Jones
13%
Daniel Webster
13%
Dr. Robert Ford
13%
Philip Calvert
13%
Bob
7%
Edmund Kean
0%
No matching quizzes found
Score Distribution
Percent of People with Each Score
Percentile by Number Answered
Your Score History
You have not taken this quiz